[Event "Madrid-chT 2122"]
[Site "Madrid"]
[Date "2022.03.13"]
[Round "13.4"]
[White "Martinez Conde Hernandez, Carlos"]
[Black "De la Puerta Cresis, Javier"]
[Result "1-0"]
[WhiteElo "2196"]
[BlackElo "2124"]
[PlyCount "147"]
[EventDate "2021.11.27"]
[EventType "team-tourn"]
[EventRounds "14"]
[EventCountry "ESP"]
[SourceTitle "Ajedrez en Madrid"]
[Source "lmi"]
[SourceDate "2021.11.28"]
[SourceVersion "1"]
[SourceVersionDate "2022.03.28"]
[SourceQuality "1"]
[WhiteTeam "Virgen de Atocha"]
[BlackTeam "La Didactica"]
[WhiteTeamCountry "ESP"]
[BlackTeamCountry "ESP"]

1. e4 c5 2. Nf3 d6 3. d4 cxd4 4. Nxd4 Nf6 5. Nc3 a6 6. Bg5 e6 7. f4 h6 8. Bh4
Qb6 9. a3 Be7 10. Bf2 Qc7 11. Qf3 Nc6 12. O-O-O Bd7 13. h3 b5 14. Bd3 Rb8 15.
Nb3 b4 16. axb4 Nxb4 17. g4 a5 18. g5 hxg5 19. fxg5 Nh5 20. g6 fxg6 21. Be3 a4
22. Nd4 a3 23. bxa3 Qxc3 24. axb4 Qa3+ 25. Kd2 e5 26. Nb3 Qxb4+ 27. Ke2 Rf8 28.
Qg2 g5 29. Nd2 Rc8 30. Rb1 Qa4 31. Rb7 Bc6 32. Rhb1 Qa8 33. Rxe7+ Kxe7 34.
Qxg5+ Nf6 35. Bc4 Ke8 36. Qg6+ Kd8 37. Bb6+ Rc7 38. Qxg7 Nd7 39. Be6 Qa6+ 40.
c4 Re8 41. Bf5 Nxb6 42. Qf6+ Ree7 43. Qxd6+ Ke8 44. Bg6+ Kf8 45. Rf1+ Kg8 46.
Qd8+ Be8 47. Bxe8 Qc8 48. Bf7+ Kh7 49. Qxc8 Rxc8 50. Bd5 Rg7 51. Rf5 Rg2+ 52.
Ke3 Rg3+ 53. Rf3 Rxf3+ 54. Nxf3 Nxc4+ 55. Bxc4 Rxc4 56. Nxe5 Rc3+ 57. Nd3 Kg7
58. Kd4 Rc2 59. Ke5 Rc3 60. Nf4 Ra3 61. Ke6 Rf3 62. Kf5 Kf7 63. e5 Ke7 64. h4
Rf1 65. h5 Kf7 66. e6+ Ke7 67. h6 Rh1 68. Ng6+ Ke8 69. Kg5 Rh3 70. Nh4 Rg3+ 71.
Kf6 Rh3 72. Nf5 Kd8 73. e7+ Kd7 74. Kf7 1-0

[Event "Madrid-chT 2122"]
[Site "Madrid"]
[Date "2022.03.13"]
[Round "13.5"]
[White "Merayo Lopez, Abraham"]
[Black "Rey Martinez, Jaime"]
[Result "1/2-1/2"]
[WhiteElo "2030"]
[BlackElo "2126"]
[PlyCount "89"]
[EventDate "2021.11.27"]
[EventType "team-tourn"]
[EventRounds "14"]
[EventCountry "ESP"]
[SourceTitle "Ajedrez en Madrid"]
[Source "lmi"]
[SourceDate "2021.11.28"]
[SourceVersion "1"]
[SourceVersionDate "2022.03.28"]
[SourceQuality "1"]
[WhiteTeam "La Didactica"]
[BlackTeam "Virgen de Atocha"]
[WhiteTeamCountry "ESP"]
[BlackTeamCountry "ESP"]

1. e4 c5 2. Nf3 Nc6 3. Bb5 e5 4. Bxc6 dxc6 5. d3 Bd6 6. Nbd2 Ne7 7. Nc4 Ng6 8.
h4 h5 9. b3 Qc7 10. a4 f6 11. a5 Be6 12. Be3 Be7 13. Qc1 Kf7 14. Bd2 Rhd8 15.
g3 b5 16. Ne3 Qd7 17. Bc3 c4 18. bxc4 bxc4 19. Nxc4 Bxc4 20. dxc4 Bc5 21. Qd2
Qb7 22. Qe2 Nf8 23. O-O Ne6 24. Rfb1 Qc8 25. Rb3 Kg8 26. Rab1 Qd7 27. Rb7 Qe8
28. Ne1 Qg6 29. Kh2 Nd4 30. Bxd4 Rxd4 31. f3 f5 32. Nd3 Bd6 33. exf5 Qxf5 34.
c5 e4 35. cxd6 exd3 36. cxd3 Rxd3 37. Rb8+ Rxb8 38. Rxb8+ Kh7 39. Qe4 Qxe4 40.
fxe4 Rxd6 41. Rb7 Re6 42. Rxa7 Rxe4 43. Ra6 Ra4 44. Kg2 Ra3 45. Rxc6 1/2-1/2

[Event "Madrid-chT 2122"]
[Site "Madrid"]
[Date "2022.03.20"]
[Round "14.1"]
[White "Candela Perez, Jose"]
[Black "Alarcia Astiz, Carlos"]
[Result "1/2-1/2"]
[WhiteElo "2341"]
[BlackElo "2294"]
[PlyCount "59"]
[EventDate "2021.11.27"]
[EventType "team-tourn"]
[EventRounds "14"]
[EventCountry "ESP"]
[SourceTitle "Ajedrez en Madrid"]
[Source "lmi"]
[SourceDate "2021.11.28"]
[SourceVersion "1"]
[SourceVersionDate "2022.03.28"]
[SourceQuality "1"]
[WhiteTeam "Alcala de Henares"]
[BlackTeam "Blanco y Negro"]
[WhiteTeamCountry "ESP"]
[BlackTeamCountry "ESP"]

1. d4 Nf6 2. c4 e6 3. Nf3 Bb4+ 4. Nbd2 d5 5. Qa4+ Nc6 6. e3 O-O 7. a3 Bxd2+ 8.
Bxd2 Ne4 9. Bd3 Nxd2 10. Nxd2 a6 11. Qc2 h6 12. O-O Ne7 13. Rac1 Bd7 14. cxd5
Nxd5 15. g3 Bb5 16. Nc4 Bxc4 17. Qxc4 c6 18. Be4 Qe7 19. b4 Nf6 20. Bg2 e5 21.
Rfd1 Rad8 22. Qc5 Rfe8 23. Qxe7 Rxe7 24. dxe5 Rxd1+ 25. Rxd1 Rxe5 26. Rd8+ Re8
27. Rd4 Kf8 28. Kf1 Ke7 29. Ke2 Ra8 30. Kd3 1/2-1/2

[Event "Madrid-chT 2122"]
[Site "Madrid"]
[Date "2022.03.20"]
[Round "14.2"]
[White "Renteria Becerra, Jorge Elicer"]
[Black "Moreno Ibanez, Miguel"]
[Result "1-0"]
[WhiteElo "2260"]
[BlackElo "2287"]
[PlyCount "100"]
[EventDate "2021.11.27"]
[EventType "team-tourn"]
[EventRounds "14"]
[EventCountry "ESP"]
[SourceTitle "Ajedrez en Madrid"]
[Source "lmi"]
[SourceDate "2021.11.28"]
[SourceVersion "1"]
[SourceVersionDate "2022.03.28"]
[SourceQuality "1"]
[WhiteTeam "Blanco y Negro"]
[BlackTeam "Alcala de Henares"]
[WhiteTeamCountry "ESP"]
[BlackTeamCountry "ESP"]

1. e4 c5 2. Nf3 Nc6 3. d4 cxd4 4. Nxd4 e5 5. Nb5 d6 6. N1c3 a6 7. Na3 b5 8. Nd5
Nce7 9. Nxe7 Bxe7 10. g3 Bb7 11. Bg2 f5 12. Qh5+ g6 13. Qe2 Nf6 14. f3 fxe4 15.
fxe4 O-O 16. Bh6 Qa5+ 17. c3 Rf7 18. Nc2 Rc8 19. O-O Qb6+ 20. Be3 Qc6 21. Nb4
Qc4 22. Qxc4 Rxc4 23. Nd5 Nxd5 24. exd5 Rxf1+ 25. Bxf1 Rc7 26. Bb6 Rc8 27. Bh3
Rc4 28. Be6+ Kg7 29. Rc1 b4 30. Ba5 Bxd5 31. Bxd5 Rc5 32. Bb3 Rxa5 33. cxb4 Rb5
34. Rc7 Kf6 35. a3 e4 36. Kf2 Bd8 37. Rd7 Be7 38. Ke3 Re5 39. a4 Kf5 40. b5
axb5 41. a5 b4 42. a6 Bg5+ 43. Ke2 Ra5 44. a7 Ke5 45. Bc4 Kd4 46. Bb3 Ke5 47.
Rb7 d5 48. Rd7 Ra6 49. Bxd5 Rxa7 50. Rxa7 Kxd5 1-0

[Event "Madrid-chT 2122"]
[Site "Madrid"]
[Date "2022.03.20"]
[Round "14.3"]
[White "Fernandez Lledo, Javier"]
[Black "Hidalgo Duque, Carlos"]
[Result "1-0"]
[WhiteElo "2248"]
[BlackElo "2243"]
[PlyCount "79"]
[EventDate "2021.11.27"]
[EventType "team-tourn"]
[EventRounds "14"]
[EventCountry "ESP"]
[SourceTitle "Ajedrez en Madrid"]
[Source "lmi"]
[SourceDate "2021.11.28"]
[SourceVersion "1"]
[SourceVersionDate "2022.03.28"]
[SourceQuality "1"]
[WhiteTeam "Alcala de Henares"]
[BlackTeam "Blanco y Negro"]
[WhiteTeamCountry "ESP"]
[BlackTeamCountry "ESP"]

1. Nf3 d5 2. b3 Bf5 3. Bb2 e6 4. g3 h6 5. Bg2 Nf6 6. O-O Be7 7. d3 O-O 8. Nbd2
c6 9. Re1 Bh7 10. e4 a5 11. a3 Nbd7 12. Qe2 b5 13. h3 Qb6 14. Kh2 Rfd8 15. Rad1
Rac8 16. Nh4 Ne8 17. f4 Bf6 18. e5 Bxh4 19. gxh4 a4 20. b4 c5 21. Nf3 Nb8 22.
Qf2 Rc6 23. bxc5 Qxc5 24. Rd2 Rdc8 25. Qxc5 Rxc5 26. Rc1 Na6 27. Bd4 R5c7 28.
Ne1 b4 29. Ra1 Bf5 30. Bf3 b3 31. cxb3 axb3 32. Rb2 Rc2+ 33. Nxc2 bxc2 34. Rc1
Bxd3 35. Rb3 Bf5 36. Be2 Nec7 37. Rb6 Ra8 38. Rc6 Kf8 39. Bb6 Ne8 40. Bxa6 1-0

[Event "Madrid-chT 2122"]
[Site "Madrid"]
[Date "2022.03.20"]
[Round "14.5"]
[White "Cubillo Munoz, Miguel"]
[Black "Herranz Sanchez, Pablo"]
[Result "1/2-1/2"]
[WhiteElo "2146"]
[BlackElo "2059"]
[PlyCount "91"]
[EventDate "2021.11.27"]
[EventType "team-tourn"]
[EventRounds "14"]
[EventCountry "ESP"]
[SourceTitle "Ajedrez en Madrid"]
[Source "lmi"]
[SourceDate "2021.11.28"]
[SourceVersion "1"]
[SourceVersionDate "2022.03.28"]
[SourceQuality "1"]
[WhiteTeam "Alcala de Henares"]
[BlackTeam "Blanco y Negro"]
[WhiteTeamCountry "ESP"]
[BlackTeamCountry "ESP"]

{[%evp 0,91,19,17,49,41,62,47,65,57,58,42,36,18,19,8,30,2,20,17,10,10,5,-41,
-43,-66,-66,-66,-66,-72,-63,-97,-17,-130,-109,-131,-149,-143,-120,-118,-104,
-154,-143,-145,-130,-184,-100,-176,-125,-155,-157,-154,-21,-31,-35,-35,-11,-20,
0,0,-25,-49,-14,-14,-1,6,1,0,0,0,5,5,11,3,0,4,33,43,31,32,21,18,42,31,34,33,25,
12,33,0,0,0,0,0]} 1. e4 c5 2. Nf3 e6 3. b3 Nf6 4. e5 Nd5 5. Bb2 Nc6 6. Bb5 Be7
7. O-O O-O 8. Bxc6 bxc6 9. Nc3 f6 10. Re1 Qc7 11. Na4 fxe5 12. Bxe5 d6 13. Bg3
e5 14. h3 Bd7 15. c3 Be8 16. Nh2 Qd8 17. Rc1 h5 18. Nf1 Bg5 19. Ne3 Qf6 20. Rf1
Bg6 21. Nb2 Rae8 22. b4 Nf4 23. d3 d5 24. bxc5 Rb8 25. Rb1 d4 26. cxd4 exd4 27.
Nec4 h4 28. Bxf4 Bxf4 29. Qg4 Rb5 30. Rfe1 Bc7 31. Qe6+ Qxe6 32. Rxe6 Bxd3 33.
Rd1 Bxc4 34. Nxc4 Rxc5 35. Rxd4 Rf4 36. Ree4 Rxe4 37. Rxe4 Rb5 38. Kf1 g5 39.
Re7 Bb6 40. Ke2 Rf5 41. f3 Kf8 42. Re6 Rc5 43. Kd3 Kf7 44. Re5 Rd5+ 45. Kc2 Kf6
46. Re8 1/2-1/2

[Event "Madrid-chT 2122"]
[Site "Madrid"]
[Date "2022.03.20"]
[Round "14.6"]
[White "Herraiz Ciudad, Miguel"]
[Black "Yanez Rodriguez, Wilbert"]
[Result "0-1"]
[WhiteElo "1426"]
[BlackElo "2108"]
[PlyCount "68"]
[EventDate "2021.11.27"]
[EventType "team-tourn"]
[EventRounds "14"]
[EventCountry "ESP"]
[SourceTitle "Ajedrez en Madrid"]
[Source "lmi"]
[SourceDate "2021.11.28"]
[SourceVersion "1"]
[SourceVersionDate "2022.03.28"]
[SourceQuality "1"]
[WhiteTeam "Blanco y Negro"]
[BlackTeam "Alcala de Henares"]
[WhiteTeamCountry "ESP"]
[BlackTeamCountry "ESP"]

1. e4 c5 2. c3 Nf6 3. e5 Nd5 4. d4 cxd4 5. Nf3 g6 6. cxd4 Bg7 7. Bc4 Nb6 8. Bb3
O-O 9. O-O d6 10. Nc3 Nc6 11. Re1 Bg4 12. exd6 Qxd6 13. d5 Nd4 14. Ne4 Qd8 15.
Ng3 Nxd5 16. Bg5 Rc8 17. Re4 Bxf3 18. gxf3 Nxb3 19. Qxb3 Nf6 20. Re2 Rc7 21.
Rd1 Rd7 22. Rxd7 Qxd7 23. Qe3 Qd5 24. h4 e6 25. b3 Qa5 26. Bh6 Rd8 27. Bxg7
Kxg7 28. Ne4 Rd1+ 29. Kg2 Qe5 30. Nxf6 Qxf6 31. Qe4 Rd4 32. Qxb7 Rxh4 33. Qb5
Rh5 34. Qc4 Qa1 0-1

[Event "Madrid-chT 2122"]
[Site "Madrid"]
[Date "2022.03.20"]
[Round "14.1"]
[White "Pulvett Marin, Daniel Eduardo"]
[Black "Corral Blanco, Juan Antonio"]
[Result "1-0"]
[WhiteElo "2498"]
[BlackElo "2416"]
[PlyCount "75"]
[EventDate "2021.11.27"]
[EventType "team-tourn"]
[EventRounds "14"]
[EventCountry "ESP"]
[SourceTitle "Ajedrez en Madrid"]
[Source "lmi"]
[SourceDate "2021.11.28"]
[SourceVersion "1"]
[SourceVersionDate "2022.03.28"]
[SourceQuality "1"]
[WhiteTeam "Collado Villalba"]
[BlackTeam "La Didactica"]
[WhiteTeamCountry "ESP"]
[BlackTeamCountry "ESP"]

1. d4 Nf6 2. c4 e6 3. Nf3 b6 4. g3 Ba6 5. Qc2 Bb7 6. Bg2 c5 7. d5 exd5 8. cxd5
Nxd5 9. O-O Be7 10. Rd1 Nc6 11. Qa4 Nf6 12. Nh4 O-O 13. Nc3 d5 14. Nxd5 Nxd5
15. Rxd5 Qe8 16. Nf5 Nd4 17. Rxd4 Bxg2 18. Rd7 Bh3 19. Nxe7+ Kh8 20. g4 b5 21.
Qxb5 Rb8 22. Qd3 Bxg4 23. Rxa7 Rd8 24. Qc2 Rd7 25. Qxc5 Rxa7 26. Qxa7 Bxe2 27.
Bf4 f6 28. Qc5 Bf3 29. Re1 Qf7 30. Re3 Ba8 31. b3 Rd8 32. Rd3 Re8 33. f3 g5 34.
Bd6 Qh5 35. Qf5 Kg7 36. Re3 Qh4 37. Qd7 Bxf3 38. Nf5+ 1-0

[Event "Madrid-chT 2122"]
[Site "Madrid"]
[Date "2022.03.20"]
[Round "14.2"]
[White "Rottenwohrer Suarez, Juan"]
[Black "Martin Duque, Jesus"]
[Result "0-1"]
[WhiteElo "2259"]
[BlackElo "2424"]
[PlyCount "74"]
[EventDate "2021.11.27"]
[EventType "team-tourn"]
[EventRounds "14"]
[EventCountry "ESP"]
[SourceTitle "Ajedrez en Madrid"]
[Source "lmi"]
[SourceDate "2021.11.28"]
[SourceVersion "1"]
[SourceVersionDate "2022.03.28"]
[SourceQuality "1"]
[WhiteTeam "La Didactica"]
[BlackTeam "Collado Villalba"]
[WhiteTeamCountry "ESP"]
[BlackTeamCountry "ESP"]

1. d4 Nf6 2. c4 e6 3. Nc3 Bb4 4. Qc2 b6 5. e4 c5 6. e5 cxd4 7. a3 Bxc3+ 8. bxc3
Ng8 9. cxd4 Bb7 10. Ne2 Nc6 11. Bb2 Nge7 12. Ng3 Rc8 13. Bc3 O-O 14. Bd3 h6 15.
O-O d5 16. exd6 Qxd6 17. Rfd1 Kh8 18. Be4 f5 19. Bf3 Na5 20. Bxb7 Nxb7 21. Bb4
Qd7 22. Qe2 Rf7 23. Nh5 Ng6 24. Re1 Re8 25. Qe3 f4 26. Qe4 Rf5 27. g4 Rg5 28.
f3 a5 29. Bd2 e5 30. Kh1 Nd6 31. Qe2 Qf7 32. Qd3 Nxc4 33. h4 Nxh4 34. Bxf4 Rxh5
35. Bg3 Nf5+ 36. Kg2 Nxg3 37. gxh5 Nxh5 0-1

[Event "Madrid-chT 2122"]
[Site "Madrid"]
[Date "2022.03.20"]
[Round "14.3"]
[White "Lianes Garcia, Marcos"]
[Black "Arriaga Lugo, Ricardo"]
[Result "1-0"]
[WhiteElo "2402"]
[BlackElo "2174"]
[PlyCount "71"]
[EventDate "2021.11.27"]
[EventType "team-tourn"]
[EventRounds "14"]
[EventCountry "ESP"]
[SourceTitle "Ajedrez en Madrid"]
[Source "lmi"]
[SourceDate "2021.11.28"]
[SourceVersion "1"]
[SourceVersionDate "2022.03.28"]
[SourceQuality "1"]
[WhiteTeam "Collado Villalba"]
[BlackTeam "La Didactica"]
[WhiteTeamCountry "ESP"]
[BlackTeamCountry "ESP"]

1. e4 c5 2. g3 Nc6 3. Bg2 g6 4. Ne2 Bg7 5. c3 d6 6. d4 cxd4 7. cxd4 Nf6 8. h3
O-O 9. Nbc3 e5 10. Be3 Bd7 11. O-O exd4 12. Nxd4 Nxd4 13. Bxd4 Bc6 14. Re1 Re8
15. Qd2 Nh5 16. Rad1 Bf8 17. Kh2 Ng7 18. f4 Qe7 19. b4 b5 20. g4 Qb7 21. f5
Rac8 22. a3 a6 23. Kh1 Red8 24. Qf2 Ne8 25. Rf1 Qe7 26. Rde1 f6 27. Nd5 Bxd5
28. exd5 Qf7 29. fxg6 hxg6 30. Re6 Bg7 31. Rfe1 Rd7 32. Qb2 Rdc7 33. Qe2 Kf8
34. g5 Rc2 35. Qe3 Rxg2 36. Kxg2 1-0

[Event "Madrid-chT 2122"]
[Site "Madrid"]
[Date "2022.03.20"]
[Round "14.4"]
[White "Barraza Caracuel, Ignacio"]
[Black "Suarez Uriel, Adrian"]
[Result "0-1"]
[WhiteElo "2109"]
[BlackElo "2359"]
[PlyCount "120"]
[EventDate "2021.11.27"]
[EventType "team-tourn"]
[EventRounds "14"]
[EventCountry "ESP"]
[SourceTitle "Ajedrez en Madrid"]
[Source "lmi"]
[SourceDate "2021.11.28"]
[SourceVersion "1"]
[SourceVersionDate "2022.03.28"]
[SourceQuality "1"]
[WhiteTeam "La Didactica"]
[BlackTeam "Collado Villalba"]
[WhiteTeamCountry "ESP"]
[BlackTeamCountry "ESP"]

1. d4 Nf6 2. Nf3 g6 3. g3 b6 4. Bg2 Bb7 5. O-O Bg7 6. c4 O-O 7. Nc3 Ne4 8. Nxe4
Bxe4 9. b3 c5 10. Bb2 Nc6 11. e3 d5 12. Ne5 Nxe5 13. dxe5 Bxg2 14. Kxg2 dxc4
15. bxc4 Qe8 16. Qc2 Qc6+ 17. f3 Bh6 18. Kf2 Rad8 19. Rad1 Rd7 20. Rd3 Rfd8 21.
Rfd1 Qe6 22. Rxd7 Rxd7 23. Rxd7 Qxd7 24. g4 Bg5 25. Ke2 e6 26. Qd3 Qb7 27. Qb3
a6 28. a4 Qc6 29. Bc3 Bd8 30. Be1 Bc7 31. Bg3 Kf8 32. Bf4 Ke8 33. Bg3 Kd7 34.
Bf4 Kc8 35. Bg3 h5 36. gxh5 gxh5 37. Bf4 h4 38. h3 Qe8 39. Kf2 Qh8 40. Qb1 Qe8
41. Qc2 Kb8 42. Ke2 Ka7 43. Kf2 Qc6 44. Qb3 Qd7 45. Qc2 Qe8 46. Ke2 Qc6 47. Qb3
Qe8 48. Qc2 Qg8 49. Kf2 Qe8 50. Ke2 Bd8 51. Kf2 Be7 52. Qb3 Qc6 53. Ke2 f5 54.
Kf2 Bd8 55. Ke2 Bc7 56. Kf2 Qd7 57. Qc2 Kb7 58. Kf1 b5 59. cxb5 axb5 60. axb5
Qxb5+ 0-1

[Event "Madrid-chT 2122"]
[Site "Madrid"]
[Date "2022.03.20"]
[Round "14.5"]
[White "Garcia Dorado, Alberto"]
[Black "Merayo Lopez, Abraham"]
[Result "1/2-1/2"]
[WhiteElo "2249"]
[BlackElo "2030"]
[PlyCount "107"]
[EventDate "2021.11.27"]
[EventType "team-tourn"]
[EventRounds "14"]
[EventCountry "ESP"]
[SourceTitle "Ajedrez en Madrid"]
[Source "lmi"]
[SourceDate "2021.11.28"]
[SourceVersion "1"]
[SourceVersionDate "2022.03.28"]
[SourceQuality "1"]
[WhiteTeam "Collado Villalba"]
[BlackTeam "La Didactica"]
[WhiteTeamCountry "ESP"]
[BlackTeamCountry "ESP"]

1. d4 d5 2. c4 e6 3. Nf3 Nf6 4. g3 Be7 5. Qc2 O-O 6. Nbd2 b6 7. Bg2 Bb7 8. cxd5
exd5 9. Ne5 c5 10. dxc5 bxc5 11. O-O Qc8 12. b3 d4 13. Bxb7 Qxb7 14. Ndc4 Na6
15. Bd2 Rfe8 16. Rfe1 Ne4 17. f3 Nxd2 18. Qxd2 Nb4 19. Nd3 Nd5 20. Rac1 Rad8
21. Rc2 h6 22. Ncb2 Nc3 23. Nd1 Bg5 24. f4 Bf6 25. Nxc5 Qb6 26. Nd3 a5 27. N1b2
Qe6 28. Nc4 Qd5 29. Nce5 Ne4 30. Qc1 g5 31. Nf3 Nc3 32. Nde5 Bxe5 33. Nxe5 Rxe5
34. fxe5 Qxe5 35. Qd2 Re8 36. Qd3 Re6 37. Rd2 Rd6 38. Rf1 Re6 39. Re1 Rd6 40.
Rc2 Rf6 41. e3 Rf3 42. Qxd4 Rxg3+ 43. Kh1 Qf5 44. hxg3 Qxc2 45. Rf1 Ne4 46.
Qd8+ Kg7 47. Qd4+ Kg6 48. Qe5 Nf2+ 49. Rxf2 Qxf2 50. e4 Kh5 51. Qxa5 Qf1+ 52.
Kh2 Qf2+ 53. Kh1 Qf1+ 54. Kh2 1/2-1/2

[Event "Madrid-chT 2122"]
[Site "Madrid"]
[Date "2022.03.20"]
[Round "14.6"]
[White "Diaz Roncero Gonzalez, Daniel"]
[Black "Ruiz Buendia, Miguel"]
[Result "0-1"]
[WhiteElo "1731"]
[BlackElo "2070"]
[PlyCount "86"]
[EventDate "2021.11.27"]
[EventType "team-tourn"]
[EventRounds "14"]
[EventCountry "ESP"]
[SourceTitle "Ajedrez en Madrid"]
[Source "lmi"]
[SourceDate "2021.11.28"]
[SourceVersion "1"]
[SourceVersionDate "2022.03.28"]
[SourceQuality "1"]
[WhiteTeam "La Didactica"]
[BlackTeam "Collado Villalba"]
[WhiteTeamCountry "ESP"]
[BlackTeamCountry "ESP"]

1. e4 c5 2. c3 d5 3. exd5 Qxd5 4. d4 Nf6 5. Nf3 Nc6 6. dxc5 Qxd1+ 7. Kxd1 e5 8.
b4 Bg4 9. b5 e4 10. h3 exf3 11. hxg4 Nxg4 12. Rh4 Nce5 13. gxf3 Nxf2+ 14. Ke2
Bxc5 15. Be3 Nfd3 16. Re4 Bxe3 17. Kxe3 O-O-O 18. Bh3+ Kb8 19. f4 Ng6 20. f5
Ngf4 21. Rxf4 Rhe8+ 22. Re4 Rxe4+ 23. Kxe4 Nf2+ 24. Ke3 Nxh3 25. Nd2 Rd5 26. f6
g6 27. c4 Rf5 28. Rf1 Rxf1 29. Nxf1 b6 30. Ng3 Ng5 31. Kf4 h6 32. Ke5 Kc7 33.
Nf1 h5 34. Ne3 Nf3+ 35. Ke4 Nh2 36. c5 bxc5 37. a4 Ng4 38. Nd5+ Kd6 39. a5 Nf2+
40. Kf3 Kxd5 41. a6 Nd3 42. b6 Ne5+ 43. Ke2 Nc6 0-1

[Event "Madrid-chT 2122"]
[Site "Madrid"]
[Date "2022.03.20"]
[Round "14.1"]
[White "Reyes Larena, Juan"]
[Black "Ingunza Curro, Andres"]
[Result "1-0"]
[WhiteElo "2437"]
[BlackElo "2381"]
[PlyCount "79"]
[EventDate "2021.11.27"]
[EventType "team-tourn"]
[EventRounds "14"]
[EventCountry "ESP"]
[SourceTitle "Ajedrez en Madrid"]
[Source "lmi"]
[SourceDate "2021.11.28"]
[SourceVersion "1"]
[SourceVersionDate "2022.03.28"]
[SourceQuality "1"]
[WhiteTeam "San Sebastian de los Reyes"]
[BlackTeam "Tajamar"]
[WhiteTeamCountry "ESP"]
[BlackTeamCountry "ESP"]

{[%evp 0,79,16,39,44,58,77,70,70,56,89,43,58,43,44,16,16,24,17,8,0,-6,0,3,-7,
-7,37,-26,-12,-12,-12,-23,-20,-13,-18,-18,-15,-42,-34,-49,-60,-45,-21,-27,-27,
-32,0,0,0,-21,27,23,115,113,114,75,79,106,102,87,138,138,203,229,222,230,236,
256,298,316,318,309,281,286,566,602,766,751,1069,1099,29997,29998]} 1. e4 c5 2.
Nf3 d6 3. Bc4 Nf6 4. d3 g6 5. O-O Bg7 6. Nc3 O-O 7. h3 Nc6 8. a3 a6 9. Re1 b5
10. Ba2 Bb7 11. Bf4 Rc8 12. Qd2 Nd7 13. Bh6 e6 14. Bxg7 Kxg7 15. Ne2 Nde5 16.
Nh2 h5 17. f4 Nd7 18. c3 c4 19. d4 Na5 20. Ng3 e5 21. fxe5 dxe5 22. Rad1 Qb6
23. Nf3 Rcd8 24. Kh1 exd4 25. cxd4 Nb3 26. Qg5 Kh7 27. Bb1 Qf6 28. Qe3 Qe7 29.
e5 Bxf3 30. Qxf3 Kg7 31. Qxh5 gxh5 32. Nf5+ Kh8 33. Nxe7 Nb8 34. d5 Nc5 35. Rd4
Rfe8 36. d6 Ne6 37. Rh4 Ng7 38. Rf1 Nd7 39. Rxf7 Nxe5 40. Rxh5+ 1-0

[Event "Madrid-chT 2122"]
[Site "Madrid"]
[Date "2022.03.20"]
[Round "14.2"]
[White "Elissalt Cardenas, Hector"]
[Black "Alfaya Marcelo, Roberto"]
[Result "1/2-1/2"]
[WhiteElo "2290"]
[BlackElo "2236"]
[PlyCount "118"]
[EventDate "2021.11.27"]
[EventType "team-tourn"]
[EventRounds "14"]
[EventCountry "ESP"]
[SourceTitle "Ajedrez en Madrid"]
[Source "lmi"]
[SourceDate "2021.11.28"]
[SourceVersion "1"]
[SourceVersionDate "2022.03.28"]
[SourceQuality "1"]
[WhiteTeam "Tajamar"]
[BlackTeam "San Sebastian de los Reyes"]
[WhiteTeamCountry "ESP"]
[BlackTeamCountry "ESP"]

{[%evp 0,118,25,40,32,-23,4,4,13,8,50,43,43,16,20,17,3,10,21,16,30,12,21,38,39,
36,40,37,37,44,47,49,50,29,22,36,13,0,50,43,47,6,129,128,149,3,34,39,40,-14,7,
0,0,0,0,0,0,-44,-44,-196,67,30,39,39,5,24,80,-100,-98,-102,-99,-129,-74,-129,0,
-23,-45,-79,-41,-38,-17,-4,-29,-36,-32,-15,-14,0,-28,-53,-39,-38,-18,-38,-33,
-47,-41,-76,-22,-80,-57,-81,-19,-61,0,-218,-91,-94,0,-71,-91,-70,-70,-70,-70,
-70,-62,-55,-70,-52,-52]} 1. d4 Nf6 2. c4 e6 3. Nc3 d5 4. Nf3 c6 5. e3 Nbd7 6.
cxd5 exd5 7. Bd3 Bd6 8. Qc2 O-O 9. O-O Re8 10. Re1 Nf8 11. h3 h6 12. a3 Ne6 13.
e4 dxe4 14. Nxe4 Be7 15. Bd2 Nd5 16. Ng3 Bf6 17. Nf5 Nef4 18. Bc4 Rxe1+ 19.
Rxe1 Be6 20. Ne5 Qc8 21. Nd6 Qc7 22. Nf5 c5 23. Bxf4 Nxf4 24. Bxe6 Nxe6 25. Ng4
Bxd4 26. Rxe6 Bxf2+ 27. Nxf2 fxe6 28. Qc4 Qe5 29. g4 b5 30. Ne7+ Kf7 31. Qxb5
Qc7 32. Nc6 Rc8 33. Na5 Rb8 34. Qa4 Rxb2 35. Kg2 Rd2 36. Nb3 Rd5 37. Qc4 h5 38.
gxh5 Rxh5 39. Nd2 Rd5 40. Nf3 Rf5 41. Ng4 Qc6 42. Qe2 Ke7 43. Nge5 Qd5 44. Qb2
Kf6 45. Ng4+ Kg6 46. Nge5+ Kh7 47. Qc2 Kg8 48. Qc3 c4 49. Kg3 Qd6 50. h4 Qd5
51. Qb2 Qe4 52. Qc3 Qf4+ 53. Kg2 a6 54. a4 Qe4 55. Kg3 Qf4+ 56. Kg2 Qe4 57. Kg3
Qf4+ 58. Kg2 Qe4 59. Kg3 Qf4+ 1/2-1/2

[Event "Madrid-chT 2122"]
[Site "Madrid"]
[Date "2022.03.20"]
[Round "14.3"]
[White "Martinez Fernandez, Raul"]
[Black "Mkrtchyan, Levon"]
[Result "1/2-1/2"]
[WhiteElo "2230"]
[BlackElo "2280"]
[PlyCount "99"]
[EventDate "2021.11.27"]
[EventType "team-tourn"]
[EventRounds "14"]
[EventCountry "ESP"]
[SourceTitle "Ajedrez en Madrid"]
[Source "lmi"]
[SourceDate "2021.11.28"]
[SourceVersion "1"]
[SourceVersionDate "2022.03.28"]
[SourceQuality "1"]
[WhiteTeam "San Sebastian de los Reyes"]
[BlackTeam "Tajamar"]
[WhiteTeamCountry "ESP"]
[BlackTeamCountry "ESP"]

{[%evp 0,99,34,16,66,45,36,33,47,42,46,12,23,20,21,29,54,34,20,-5,-1,2,-13,-24,
18,34,34,34,32,34,79,70,83,86,107,129,117,120,177,331,282,330,401,58,101,38,33,
0,0,0,22,71,79,91,72,80,87,0,0,0,0,-126,-126,-101,-94,-80,-88,-82,-98,-153,-63,
-49,-75,-74,-42,-73,-56,-56,-58,-85,-71,-112,-132,-133,-106,-106,-106,-109,
-113,-117,-115,-116,-54,-52,-53,-53,-52,-53,-52,-53,-53,-53]} 1. e4 e6 2. d4 d5
3. Nc3 Nf6 4. e5 Nfd7 5. f4 c5 6. Nf3 Nc6 7. Be3 a6 8. Qd2 b5 9. Qf2 Qb6 10.
Bd3 cxd4 11. Nxd4 Nxd4 12. Bxd4 Bc5 13. Ne2 Bb7 14. O-O b4 15. a3 a5 16. f5
O-O-O 17. axb4 axb4 18. c3 g6 19. cxb4 Bxd4 20. Nxd4 gxf5 21. Kh1 Kb8 22. Ra5
Nxe5 23. Nc6+ Qxc6 24. Qa7+ Kc7 25. Rc5 Nxd3 26. Rxc6+ Kxc6 27. b5+ Kc7 28. Qd4
Rhg8 29. Qxd3 d4 30. Rc1+ Kb8 31. Kg1 Bxg2 32. Kf2 Be4 33. Qa3 Rd7 34. b6 Rc8
35. Rxc8+ Kxc8 36. Ke2 f4 37. Qc5+ Kb7 38. Qe5 f3+ 39. Kd2 Bc6 40. b4 Kxb6 41.
Qa5+ Kb7 42. b5 Be4 43. Qa6+ Kb8 44. Qb6+ Bb7 45. Qc5 f2 46. Qe5+ Ka7 47. Qc5+
Kb8 48. Qe5+ Kc8 49. Qc5+ Kb8 50. Qe5+ 1/2-1/2